Statistics for Car Craze #3

Click here to take the quiz!

General Stats

  • This quiz has been taken 4 times
  • The average score is 40 of 45

Answer Stats

QuestionTileSelect% Correct
McLaren650S GT3No
100%
Porsche718 CaymanNo
100%
Porsche911 Targa 4SNo
100%
Porsche911 Targa 4SNo
100%
Porsche956No
100%
LamborghiniAventador JNo
100%
LamborghiniAventador SV CoupeNo
100%
HyundaiCivic Type-RYes
100%
LamborghiniCountach 25th AnniversaryNo
100%
HyundaiElantra NNo
100%
HyundaiElantra N TCRNo
100%
McLarenElvaNo
100%
McLarenF2No
100%
FordGTNo
100%
FordGT MK IINo
100%
FordGT MK IVNo
100%
HyundaiIONIQ 116No
100%
HyundaiIONIQ 5 NNo
100%
LamborghiniMurcielago LP 640No
100%
FordMustang Dark HorseNo
100%
FordP1Yes
100%
PorschePanamera Turbo SNo
100%
McLarenSennaNo
100%
FordShelby GR-1No
100%
FordShelby GT350RNo
100%
PorscheTaycan Turbo SNo
100%
Porsche935No
75%
McLarenArturaNo
75%
PorscheCentenarioYes
75%
HyundaiGenesisNo
75%
McLarenGTC4 LussoYes
75%
LamborghiniHuracan Evo SpyderNo
75%
FordMustang Mach-E 1400No
75%
HyundaiPony CoupeNo
75%
LamborghiniRevueltoNo
75%
McLarenSabreNo
75%
LamborghiniSC20No
75%
LamborghiniSesto ElementoNo
75%
LamborghiniSF90 StradaleYes
75%
FordTeam Fordzilla P1No
75%
HyundaiVeloster NNo
75%
HyundaiVision GTNo
75%
McLarenX-1No
75%
McLarenGTNo
50%
PorscheMission XNo
50%

Score Distribution

Percentile by Number Answered

Percent of People with Each Score

Your Score History

You have not taken this quiz